LIBRARY & INFORMATION CENTRE, KCAET, TAVANUR

ONLINE PUBLIC ACCESS CATALOGUE (OPAC)

Organization and Administration of Physical Education / (Record no. 7924)

MARC details
000 -LEADER
fixed length control field 00402cam a2200145ua 4500
082 ## - DEWEY DECIMAL CLASSIFICATION NUMBER
Classification number 375.6137
Item number VOL/OR
100 ## - MAIN ENTRY--AUTHOR NAME
Personal name Voltmer, Edward F .
245 ## - TITLE STATEMENT
Title Organization and Administration of Physical Education /
250 ## - EDITION STATEMENT
Edition statement 3 /
260 ## - PUBLICATION, DISTRIBUTION, ETC. (IMPRINT)
Place of publication Bombay :
Name of publisher The Times of India Press ,
Year of publication 1964.
300 ## - PHYSICAL DESCRIPTION
Number of Pages 558 ; .
500 ## - GENERAL NOTE
General note **Reference
700 1# - ADDED ENTRY--PERSONAL NAME
Personal name Esslinger , Arthur A .
942 ## - ADDED ENTRY ELEMENTS (KOHA)
Koha item type Books
Holdings
Withdrawn status Lost status Damaged status Home library Current library Date acquired Full call number Accession Number Koha item type
      KAUAET KAUAET 07/04/2012 375.6137.VOL/OR 10334 Reference
free website counter